| 000 | 00506nam a2200193 a 4500 | ||
|---|---|---|---|
| 003 | SISC | ||
| 005 | 20160302083514.0 | ||
| 008 | 100114s19uu xx 00 eng d | ||
| 020 | _a9812658963 | ||
| 050 |
_aQA 36.5 _b.D554m5 2006 |
||
| 082 |
_aHS 510 _bD55-m5 2006 |
||
| 100 | _aDickson, Andrea | ||
| 245 |
_aNelson mathematics 5 / _cAndrea Dickson. |
||
| 260 |
_aSingapore : _bThomson, _c2006. |
||
| 300 |
_a434 p. : _bill. ; _c24 cm. |
||
| 650 | _aMathematics. | ||
| 942 |
_cBK _2lcc |
||
| 999 |
_c12801 _d12801 |
||